Statistics for NATO Countries on a Map

Click here to take the quiz!

General Stats

  • This quiz has been taken 1,693 times
    (142 since last reset)
  • The average score is 29 of 30

Answer Stats

Country % Correct
Germany
100%
Spain
100%
United Kingdom
100%
France
100%
Italy
99%
United States
99%
Turkey
99%
Canada
99%
Denmark
98%
Norway
98%
Estonia
97%
Portugal
97%
Iceland
97%
Poland
97%
Greece
96%
Netherlands
95%
Latvia
95%
Belgium
95%
Albania
93%
Lithuania
93%
Czech Republic
93%
Hungary
92%
Slovakia
92%
Croatia
92%
Bulgaria
92%
Luxembourg
91%
Romania
91%
Slovenia
91%
North Macedonia
90%
Montenegro
90%

Score Distribution

Percentile by Number Answered

Percent of People with Each Score

Your Score History

You have not taken this quiz since the last reset